Apocalisse di Giovanni

保存先:
書誌詳細
フォーマット: 図書
言語:言語不明
出版事項: Edizione Segno
タグ: タグ追加
タグなし, このレコードへの初めてのタグを付けませんか!

MARC

LEADER 00000nam a2200000Ia 4500
001 R-966
003 CODICE-MESSINA
005 20260310113702.0
008 260211s9999 xx 000 0 und d
040 |c importazione_messina 
245 0 |a Apocalisse di Giovanni 
260 |b Edizione Segno 
942 |2 ddc  |c BK 
952 |0 0  |1 0  |2 ddc  |4 0  |6 SCAFFALE_1_000000000000000__RELIGIONE  |7 0  |9 31794  |a ME  |b ME  |d 2026-02-11  |l 0  |o SCAFFALE 1 - RELIGIONE  |p R-966  |r 2026-02-11 23:52:47  |w 2026-02-11  |x [REVISIONARE]  |y BK 
999 |c 27459  |d 27459